| Art - Music/Opera | 8 | 13.75 | 75% | 38% | 25% |
| Art - Other | 3 | 16.67 | 67% | 33% | 67% |
| Art - Painting/Sculpture | 8 | 11.25 | 50% | 38% | 25% |
| Art - Visual | 4 | 10.00 | 25% | 25% | 50% |
| Current Events/Modern World - Rest of world political | 1 | 10.00 | 0% | 100% | 0% |
| Current Events/Modern World - United States social | 1 | 10.00 | 100% | 0% | 0% |
| Current Events/Modern World - Western social | 1 | 0.00 | 0% | 0% | 0% |
| Geography - Mixed/any | 1 | 10.00 | 100% | 0% | 0% |
| Geography - Non-U.S. Americas | 1 | 20.00 | 0% | 100% | 100% |
| Geography - Oceania/Pacific | 1 | 20.00 | 100% | 0% | 100% |
| Geography - United States | 1 | 30.00 | 100% | 100% | 100% |
| History - American | 2 | 10.00 | 0% | 100% | 0% |
| History - European | 5 | 18.00 | 60% | 60% | 60% |
| History - Other | 8 | 13.75 | 38% | 50% | 50% |
| History - World | 9 | 15.56 | 33% | 67% | 56% |
| Literature - American any | 3 | 16.67 | 67% | 100% | 0% |
| Literature - American long fiction | 3 | 20.00 | 67% | 67% | 67% |
| Literature - American poetry | 1 | 20.00 | 100% | 100% | 0% |
| Literature - American short fiction | 1 | 10.00 | 100% | 0% | 0% |
| Literature - British any | 1 | 20.00 | 100% | 100% | 0% |
| Literature - British drama | 2 | 10.00 | 0% | 100% | 0% |
| Literature - British poetry | 3 | 20.00 | 67% | 67% | 67% |
| Literature - British short fiction | 1 | 20.00 | 0% | 100% | 100% |
| Literature - European any | 2 | 15.00 | 50% | 100% | 0% |
| Literature - European drama | 1 | 30.00 | 100% | 100% | 100% |
| Literature - European long fiction | 2 | 15.00 | 0% | 50% | 100% |
| Literature - European poetry | 2 | 15.00 | 0% | 100% | 50% |
| Literature - European short fiction | 1 | 20.00 | 100% | 0% | 100% |
| Literature - World/Misc any | 1 | 20.00 | 100% | 0% | 100% |
| Literature - World/Misc long fiction | 3 | 16.67 | 67% | 0% | 100% |
| Literature - World/Misc poetry | 2 | 15.00 | 50% | 50% | 50% |
| Literature - World/Misc short fiction | 1 | 20.00 | 0% | 100% | 100% |
| Mythology - Greco/Roman | 1 | 10.00 | 100% | 0% | 0% |
| Mythology - Mixed/Any | 1 | 30.00 | 100% | 100% | 100% |
| Other Academic/Cross-Category - Any | 3 | 16.67 | 67% | 33% | 67% |
| Philosophy - 20th century | 1 | 30.00 | 100% | 100% | 100% |
| Philosophy - Ancient | 1 | 20.00 | 100% | 100% | 0% |
| Philosophy - Enlightenment | 1 | 10.00 | 0% | 100% | 0% |
| Philosophy - Medieval | 1 | 30.00 | 100% | 100% | 100% |
| Philosophy - Mixed/Any | 1 | 20.00 | 100% | 0% | 100% |
| Philosophy - Pre-20th | 1 | 10.00 | 0% | 100% | 0% |
| Religion - Christianity/Judaism | 2 | 20.00 | 50% | 100% | 50% |
| Religion - Hinduism | 2 | 10.00 | 50% | 0% | 50% |
| Religion - Islam | 2 | 15.00 | 50% | 0% | 100% |
| Religion - Mixed/Any | 1 | 20.00 | 100% | 100% | 0% |
| Science - Biology | 8 | 18.75 | 38% | 63% | 88% |
| Science - Chemistry | 7 | 20.00 | 71% | 71% | 57% |
| Science - Compsci | 3 | 13.33 | 33% | 33% | 67% |
| Science - Earth | 2 | 10.00 | 0% | 50% | 50% |
| Science - Other | 3 | 16.67 | 67% | 33% | 67% |
| Science - Other/CL/Misc | 1 | 30.00 | 100% | 100% | 100% |
| Science - Physics | 8 | 16.25 | 88% | 50% | 25% |
| Social Science - Anthropology | 1 | 20.00 | 0% | 100% | 100% |
| Social Science - Economics | 2 | 10.00 | 50% | 50% | 0% |
| Social Science - Law | 1 | 20.00 | 100% | 100% | 0% |
| Social Science - Linguistics | 1 | 10.00 | 0% | 100% | 0% |
| Social Science - Mixed/Any | 1 | 20.00 | 100% | 0% | 100% |
| Social Science - Psychology | 1 | 10.00 | 0% | 0% | 100% |